Вопросы подводной добычи полезных ископаемых и открытых гидравлических разработок: научные труды

Bibliographic Details
Corporate Author: Московский горный институт (МГИ)
Other Authors: Ржевский В. В. (редактор), Нурок Г. А.
Language:Russian
Published: Москва, 1971
Subjects:
Format: Book
KOHA link:https://koha.lib.tpu.ru/cgi-bin/koha/opac-detail.pl?biblionumber=217542

MARC

LEADER 00000nam0a2200000 4500
001 217542
005 20231031194535.0
035 |a (RuTPU)RU\TPU\book\237542 
090 |a 217542 
100 |a 20120606d1971 k y0rusy50 ca 
101 0 |a rus 
102 |a RU 
105 |a a z 000zy 
200 1 |a Вопросы подводной добычи полезных ископаемых и открытых гидравлических разработок  |e научные труды  |f Московский горный институт (МГИ) ; под ред. В. В. Ржевского, Г. А. Нурок 
210 |a Москва  |d 1971 
215 |a 150 с.  |c ил. 
610 1 |a полезные ископаемые 
610 1 |a гидравлические разработки 
610 1 |a добыча 
610 1 |a подводная добыча 
675 |a 622.271  |v 3 
675 |a 622.271.6  |v 3 
702 1 |a Ржевский  |b В. В.  |4 340 
702 1 |a Нурок  |b Г. А.  |4 340 
712 0 2 |a Московский горный институт (МГИ)  |c (1930-1962, 1966-1993)  |2 stltpush  |3 (RuTPU)RU\TPU\col\3944 
801 1 |a RU  |b 63413507  |c 20120606 
801 2 |a RU  |b 63413507  |c 20121220  |g RCR 
942 |c BK